Представление документа в формате RUSMARC

ПолеНазваниеЗначение
  Тип записи a
  Библиографический уровень m
001 Контрольный номер 8a72d39d8cb846de9a75a4cc96870a57
005 Дата корректировки 20141218140334.8
010 Индекс ISBN __
a ISBN 978-5-16-009274-4
100 Данные общей обработки __
a Данные общей обработки 20131220d2013 m y0rusy0189 ca
101 Язык документа 0_
a Язык текста rus
102 Страна публикации __
a Страна публикации RU
200 Заглавие и сведения об ответственности 1_
a Заглавие Развитие регионов: диагностика региональных различий
e Сведения, относящиеся к заглавию Монография
210 Выходные данные 1_
a Место издания Москва
c Издательство ООО "Научно-издательский центр ИНФРА-М"
d Дата издания 2014
215 Физическое описание __
a Объем 152 с.
606 Тематические рубрики __
a Основная рубрика ОБЩЕСТВЕННЫЕ НАУКИ. ЭКОНОМИКА. ПРАВО.
x Основная подрубрика Управление (менеджмент)
608 Указатель предметных рубрик __
a Жанр/форма НАУЧНО-ПОПУЛЯРНОЕ И НАУЧНОЕ ИЗДАНИЕ
x Тематический подзаголовок Научное издание
608 Указатель предметных рубрик __
a Жанр/форма Монография
2 Код системы local
675 Индекс УДК __
a Индекс УДК 911.3:339.9(075.4)
z Язык издания rus
686 Индексы других классификаций __
a Классификационный индекс 65.050.2
2 Код системы rubbk
700 Автор _1
a Фамилия Брагина
g Полное личное имя Зинаида Васильевна
701 Альтернативная интеллектуальная ответственность _1
a Фамилия Киселева
g Полное личное имя И К
856 Электронный адрес документа 4_
n Название местонахождения сервера НИЦ ИНФРА-М